000 00264nam a2200109Ia 4500
008 230320s9999||||xx |||||||||||||| ||spa||
082 _a410/G71
100 _aGonzáles Ruiz, Ramón
245 0 _aLingüística Y Pragmática
260 _bSíntesis
942 _80
_cLIB
999 _c49768
_d49768